000 00667nam a22002177a 4500
005 20170124110242.0
010 _aA-248482
020 _c00.00
_a0882252305
035 _aA-248482
037 _bCen Lib/Ret
040 _aDPL
_bEN
082 _a708
_bMUS
245 _aMuseum of fine arts :
_cby Adolph S. Cavallo...[et al.]
_bgreat museums of the world /
260 _bNew York
_aNewsweek
_c1978
270 _bNew York
300 _a171p.
_c27cm(Hb)
_bill.
500 _aincludes bibliographical references and index
650 _a Museum of Fine Arts, Boston.
_995197
700 _aCavallo, Adolph S.
_995198
942 _2ddc
_cEN
_h708
_mMUS
999 _c135216
_d135216